Statistics for Platinum Jubilee Quiz #2

Click here to take the quiz!

General Stats

  • This quiz has been taken 20 times
  • The average score is 6 of 20

Answer Stats

HintAnswer% Correct
What was the name of the Queen's sister, recently played by Helena Bonham Carter on Netflix's The Crown?Princess Margaret
89%
How often does the Queen speak to the Prime Minister?Every week
78%
Who is third in the royal Line of Succession?Prince George
78%
What type of venue was Charles and Camilla denied when getting married?Church
61%
At the time of her death, Princess Diana was romantically linked with Dodi Al
Fayed. His father, at the time, was the owner of what?
Harrods
56%
Judi Dench won an Oscar in 1999 for playing a historic royal in a film, despite only appearing for 8 minutes. Name the film.Shakespeare in Love
33%
What job did Princess Diana have before marrying Prince Charles?Teacher
33%
In 1998, Sarah Ferguson made a cameo appearance in which popular TV series?Friends
28%
Which English monarch is said to have composed the tune Greensleeves?Henry VIII
28%
What was the birthname of the Queen’s father, King George VI?Albert
22%
What was the name of the Queen's first dog?Susan
22%
Who, reportedly, took Princess Diana into a gay bar in London in the 1980s?Freddie Mercury
17%
In the UK, what animal can only the Queen eat, both mythically and legally (due to her being the only person in the country who cannot be prosecuted)?Swans
17%
What is the Queen's date of birth?21st April 1926
11%
How long had the Queen and Prince Philip been married at the time of his death?73 Years
11%
Since her reign began, what is the only year when the Queen did not broadcast a Christmas message?1969
6%
How did the Queen buy her wedding dress?Ration Coupons
6%
In this year, what documentary broadcast instead?Royal Family
6%
How many diamonds make up the Crown Jewels2868
0%
In which 2017 movie did Prince William and Harry reportedly film cameo
appearances for, although they were apparently cut out in the final edit?
Star Wars Episode VIII: The Last Jedi
0%

Score Distribution

Percentile by Number Answered

Percent of People with Each Score

Your Score History

You have not taken this quiz